| 000 | 00935nam a2200193 a 4500 | ||
|---|---|---|---|
| 008 | 090210s2008 ||||||||||||||||| || u | ||
| 050 | _aUN-ECLAC(02)2008/1 | ||
| 100 | _aUrrutia, Eugenio Rivera | ||
| 245 | 1 | 0 |
_aCompetition policies in the emerging economies: lessons and challenges from Central America and Mexico _cEdited by Claudia Schatan and Eugenio Rivera Urrutia |
| 260 |
_aOttawa _bSpringer _c2008 |
||
| 300 | _axii, 238p. :ill | ||
| 350 | _a0.00 | ||
| 650 | _aCOMPETITION LAW AND POLICY--AMERICA, CENTRAL | ||
| 650 | _aCOMPETITION LAW AND POLICY--MEXICO | ||
| 700 | _aSchatan, Claudia | ||
| 710 | _aInternational Development Research Centre (IDRC) | ||
| 710 | _aUnited Nations Economic Commission for Latin America and the Caribbean (ECLAC) | ||
| 995 |
_D0.00 _FCBU-MAIN LIBRARY (Kitwe) _H1 _I0.00 _M1 _UAVAILABLE _WMar 3, 2009 _ZInternational Publications |
||
| 999 |
_c38098 _d38098 |
||